Bandeiras da América do Sul - Statistics

Estatísticas Gerais
  • Esse quiz foi jogado 4 347 vezes
  • A pontuação média é 11 de 15
Estatísticas das Respostas
Imagem Resposta % Correto
Argentina
99%
Brasil
97%
Chile
92%
Colômbia
89%
Equador
85%
Uruguai
84%
Paraguai
81%
Peru
81%
Venezuela
79%
Guiana
78%
Bolívia
77%
Suriname
71%
Guiana Francesa (França)
37%
Ilhas Malvinas (ou Falkland) (Reino Unido)
14%
Ilhas Geórgia do Sul e Sandwich do Sul (Reino Unido)
4%
Nenhum quiz correspondente encontrado
Distribuição das Pontuações
Porcentagem de Pessoas com Cada Pontuação
Percentil de Números Respondidos
Sua Pontuação Histórica
Você não jogou esse quiz